Lyrics Gzuz - CL500 - Statistiken

Allgemein
  • Dieses Quiz wurde 374 mal gespielt
  • Das Durchschnittsergebnis liegt bei 212 aus 335
Antwortstatistiken
Antwort % Korrekt
CL
99%
Fünf
99%
500
98%
ich
95%
Ich
95%
in
94%
mein
92%
da
89%
die
88%
Die
88%
und
88%
Und
88%
den
85%
runter
85%
ein
83%
hol
83%
mir
83%
wir
83%
einen
80%
für
80%
Für
80%
Straße
78%
ab
77%
auf
77%
hoch
76%
er
75%
Es
75%
es
75%
Umsatz
75%
wenn
75%
wird
75%
jetzt
74%
An
73%
an
73%
zähle
73%
ist
72%
kein
71%
dank
70%
dann
70%
Geld
70%
hab
70%
krank
70%
Wagen
70%
Dein
69%
denkt
69%
flunker
69%
sag
69%
Sie
69%
sie
69%
Danke
68%
danke
68%
drück
68%
Drück
68%
fahren
68%
Gas
68%
Grund
68%
kranken
68%
lang
68%
Tank
68%
auch
67%
Straßen
67%
aufs
66%
gut
66%
investiert
66%
keinen
66%
Mädchen
66%
Tanke
66%
voll
66%
alle
65%
brummt
65%
Fans
65%
Ganz
65%
langsam
65%
sagen
65%
wollt
65%
der
64%
draußen
64%
unsern
64%
nochmal
63%
Schlampe
63%
vollbracht
63%
blasen
62%
das
62%
Das
62%
kann
62%
war
62%
zu
62%
Du
61%
du
61%
radiert
60%
wie
60%
lange
59%
warten
59%
fängt
58%
Euro
57%
Macht
57%
macht
57%
sieht
55%
weg
55%
Autoschlüssel
54%
Nacht
54%
PS
54%
Zehn
54%
Deine
52%
Digga
52%
egal
52%
einfach
52%
Krach
52%
nicht
52%
ob
52%
Frisch
51%
kleine
51%
mal
51%
Pedal
51%
sitzt
51%
viel
51%
Daimler
50%
Coupe
49%
foliert
49%
mit
49%
308
48%
Bahn
48%
BMW
48%
Komm
48%
steht
48%
Zahnstocher
48%
blitzt
47%
Fresse
47%
hält
47%
spitz
47%
jeder
46%
Was
46%
fragst
45%
meinem
45%
nass
45%
sein
45%
Top
45%
V8
45%
Weiber
45%
dich
44%
500er
43%
deinem
43%
kleinen
43%
Pussy
43%
sehen
43%
Vater
43%
Blubbern
42%
hier
42%
Spast
42%
Wunder
42%
Gazo
41%
Auftritt
40%
Auspuffanlage
40%
heut
40%
laut
40%
Magnet
40%
diese
39%
Bruder
38%
Eben
38%
sagst
38%
Abend
37%
Liebe
37%
liebe
37%
Alcantara
36%
B-Säule
35%
Gestank
35%
mich
34%
Sound
34%
1a
33%
Benzin
33%
Gage
32%
Gage (Was?)
32%
Auftritte
31%
rollt
31%
Bitches
30%
CLK
30%
alles
29%
Alles
29%
paar
28%
dem
27%
erst
27%
Gazi
27%
bekommt
26%
Dieser
26%
over
26%
Stern
26%
stolz
26%
Damals
25%
Erfolg
25%
Jahre
25%
Raub
25%
bekam
24%
Yok
24%
Rolls-Royce
23%
frisst
22%
Grill
22%
entspannt
20%
brauche
18%
folgt
18%
Gold
16%
Ey
15%
Keine übereinstimmenden Quizze gefunden
Verteilung der Resultate
Anzahl Personen mit jedem Resultat
Perzentil nach korrekt beantworteten Fragen
Ihre Resultats-Entwicklung
Sie haben dieses Quiz noch nicht gespielt